Forwardové kontrakty

Forward - jeden z najstarších finančných derivátov. Forwardové kontrakty majú špecifiká podľa podkladajúceho aktíva. Najrozšírenejšie sú forwardy na úrokovú mieru a na menu. Na slovenskom finančnom trhu sú najrozšírenejšie forwardy na menu.

Salvato in:
Dettagli Bibliografici
Autore principale: Vlachynský, Karol
Natura: Capitolo di libro
Lingua:slovacco
Soggetti:
Tags: Aggiungi Tag
Nessun Tag, puoi essere il primo ad aggiungerne!!

MARC

LEADER 00000naa a2200000 4500
001 r025354
005 20230426110339.2
041 0 |a slo 
044 |a SK 
245 1 0 |a Forwardové kontrakty  |c Karol Vlachynský 
520 |a Forward - jeden z najstarších finančných derivátov. Forwardové kontrakty majú špecifiká podľa podkladajúceho aktíva. Najrozšírenejšie sú forwardy na úrokovú mieru a na menu. Na slovenskom finančnom trhu sú najrozšírenejšie forwardy na menu. 
610 2 0 |a forwardy 
610 2 0 |a deriváty 
610 2 0 |a pojmy 
610 2 0 |a trh finančný 
610 2 0 |a trh mimoburzový 
610 2 0 |a Slovensko 
610 2 0 |a obchody termínové 
100 1 |a Vlachynský, Karol